000 00739nam a2200205 a 4500
001 000039669
005 20240306164224.0
008 130715s1996 sp 000 0 spa d
020 _a840137569X
040 _aDO-SdBNP
_bspa
_cBNPHU
082 _axxx
100 1 _aApuleyo Mendoza, Plinio,
_d1932-
_965860
245 1 0 _aManual del perfecto idiota latinoamericano /
_cPlinio Apuleyo Mendoza, Carlos Alberto Montaner, Alvaro Vargas Llosa ; presentación Mario Vargas Llosa.
250 _a3a ed.
260 _aBarcelona :
_bPlaza & Janes Editores,
_c1996.
300 _a318 p. ;
_c22 cm.
700 1 _aMontaner, Carlos Alberto,
_d1943-
_932455
700 1 _aVargas Llosa, Alvaro
_d1966-
_965861
700 1 _aVargas Llosa, Mario,
_d1936-
_912567
999 _c39159
_d39159